Statistics for Identify the old master painter by their work in the USA #1

Click here to take the quiz!

General Stats

  • This quiz has been taken 31 times
  • The average score is 6 of 15

Answer Stats

Answer% Correct
Rembrandt van Rijn
84%
Caravaggio
68%
Francisco Goya
56%
Sandro Botticelli
56%
Titian
52%
Diego Velázquez
48%
Canaletto
44%
El Greco
44%
Jacques Louis David
36%
Thomas Gainsborough
28%
Giovanni Paolo Panini
12%
Johann Füssli
12%
Margareta Haverman
12%
Pieter Christus
12%
Pieter Bruegel the Elder
4%

Score Distribution

Percentile by Number Answered

Percent of People with Each Score

Your Score History

You have not taken this quiz